[Event "EU-ch U20 Girls"]
[Site "Patras"]
[Date "1999.10.13"]
[Round "8"]
[White "Jurkiewicz, Katarzyna"]
[Black "Mladenovic, Jelica"]
[Result "0-1"]
[WhiteElo "2225"]
[BlackElo "2023"]

1.e4 c5 2.Nf3 e6 3.d4 cxd4 4.Nxd4 a6 5.Bd3 Qc7 6.O-O Nf6 7.f4 Bc5 8.c3 Nc6
9.Kh1 Nxd4 10.cxd4 Bxd4 11.e5 Nd5 12.Be4 Qc5 13.Na3 Nb4 14.Qd2 f6 15.Rd1 fxe5
16.fxe5 O-O 17.Qe2 Qxe5 18.Nc4 Qc5 19.a3 Rf2 20.axb4 Rxe2 21.bxc5 Rxe4 22.Nb6 Rb8
23.Ra4 e5 24.Bg5 d6 25.cxd6 Bf5 26.Nd5 Kf7 27.Ne7 Bd7 28.Rb4 Ke6 29.h3 Kxd6
30.Rb6+ Kc7 31.Nd5+ Kc8 32.Rf1 Bc6 33.Rf8+ Kd7 34.Rxb8 Bxb6 35.Nxb6+ Kc7
36.Rg8 Kxb6 37.Rxg7 Re1+ 38.Kh2 Re2 39.Bf6 Rxb2 40.Bxe5 Re2 41.Bd4+ Ka5 42.Kg1 b5
43.g4 b4 44.Rxh7 b3 45.Rc7 Kb5 46.Rc8 a5 47.Bf6 a4  0-1

[Event "EU-ch U20 Girls"]
[Site "Patras"]
[Date "1999.10.14"]
[Round "9"]
[White "Pokorna, Regina"]
[Black "Goletiani, Rusudan"]
[Result "1-0"]
[WhiteElo "2198"]
[BlackElo "2386"]

1.e4 c5 2.Nf3 e6 3.d4 cxd4 4.Nxd4 a6 5.Bd3 Qc7 6.O-O Nf6 7.Kh1 Bc5 8.Nb3 Be7
9.f4 d6 10.c4 b6 11.Nc3 Nbd7 12.Qf3 Bb7 13.Bd2 g6 14.Rae1 Nc5 15.Nxc5 dxc5
16.Qe2 Nh5 17.e5 Rd8 18.Be4 O-O 19.Rf3 Rd4 20.Bxb7 Qxb7 21.Ne4 Rfd8 22.Bc3 R4d7
23.g4 Ng7 24.Rg1 b5 25.b3 b4 26.Ba1 Ne8 27.f5 Qc6 28.Rgf1 Bf8 29.fxe6 Qxe6
30.Ng5 Qc6 31.Kg1 Rd2 32.e6 f6 33.e7 Rxe2 34.exd8=Q Bd6 35.R3f2 Re3 36.Bxf6 h6
37.Nf7 Qe4 38.Nxh6+ Kh7 39.Qd7+ Kxh6 40.g5+ Kh5 41.Qh7+ Kg4 42.Rg2+  1-0

[Event "EU-ch U20 Girls"]
[Site "Patras"]
[Date "1999.10.15"]
[Round "10"]
[White "Batyte, Daiva"]
[Black "Mladenovic, Jelica"]
[Result "1-0"]
[WhiteElo "2107"]
[BlackElo "2023"]

1.e4 c5 2.Nf3 e6 3.d4 cxd4 4.Nxd4 a6 5.Bd3 Qc7 6.Be3 Nf6 7.c4 Nc6 8.Nxc6 Qxc6
9.Nc3 Bb4 10.Qf3 d5 11.e5 Ne4 12.Rc1 O-O 13.O-O Bxc3 14.bxc3 f6 15.cxd5 exd5
16.c4 fxe5 17.cxd5 Qxc1 18.Qxe4 Qc7 19.Qxh7+ Kf7 20.Qh5+ Ke7 21.Rc1 Qa5 22.Bc5+ Kd7
23.Qxe5  1-0

[Event "BL9900 (Women)"]
[Site "Germany"]
[Date "1999.10.17"]
[Round "2.3"]
[White "Micic, Jordanka"]
[Black "Fichtner, Kathrin"]
[Result "1/2-1/2"]
[WhiteElo "2345"]
[BlackElo "2084"]

1.e4 c5 2.Nf3 e6 3.d4 cxd4 4.Nxd4 a6 5.Bd3 Nc6 6.Nxc6 dxc6 7.O-O e5 8.a4 Nf6
9.Nd2 Bd6 10.Nc4 Bc7 11.Bg5 Be6 12.Qf3 Qe7 13.Ne3 h6 14.Bxf6 Qxf6 15.Qxf6 gxf6
16.Nf5 O-O-O 17.Rfd1 Bb6 18.Ng7 Rd6 19.Kf1 Rhd8 20.Ke2 Rg8 21.Nxe6 Rxg2 22.Nf8 Rd8
23.Rf1 Rxf8 24.h3 Rfg8 25.Bc4 R8g7 26.Rad1 Rh2 27.Rd3 f5 28.exf5 e4 29.Rb3 Kc7
30.Ke1 Rg5 31.f6 Rf5 32.Bxf7 Rxf6 33.Bh5 Rhxf2 34.Rxf2 Bxf2+ 35.Ke2 Bb6 36.Rg3 Rf2+
37.Kd1 e3 38.Be2 Rf6 39.Rg8 Bc5 40.Rg7+ Kb8 41.Rg8+ Ka7 42.Re8 a5 43.Re4 Rg6
44.Bd3 Rg3 45.h4 Rh3 46.Ke2 Bb6 47.b3 Bd8 48.Rxe3 Rxe3+ 49.Kxe3 Bxh4 50.Be2 Kb6
51.Kd4 Kc7 52.c3 Be1 53.Kc4 Kd6 54.b4 axb4 55.cxb4 b6 56.Bf3 Bd2 57.Bg4 Be1
58.Bf3  1/2-1/2

[Event "Wichern op 5th"]
[Site "Hamburg"]
[Date "1999.10.17"]
[Round "3"]
[White "Richter, Goetz"]
[Black "Brustkern, Juergen"]
[Result "1/2-1/2"]
[WhiteElo "2099"]
[BlackElo "2286"]

1.e4 c5 2.Nf3 e6 3.d4 cxd4 4.Nxd4 a6 5.Bd3 Qb6 6.Nb3 Qc7 7.O-O Nf6 8.f4 d6
9.Nc3 Be7 10.Qe2 Nc6 11.Bd2 O-O 12.Rae1 Nd7 13.Qh5 g6 14.Qh6 Bf6 15.Rf3 Bg7
16.Qh4 Qd8 17.Qf2 b5 18.g4 Bb7 19.a4 b4 20.Nd1 Rb8 21.Ne3 Qc7 22.Rh3 h6 23.Nf1 Rfe8
24.Be3 Nf6 25.Rg3 Qd7 26.h3 Ne7 27.Nfd2 Nc6 28.Qe2 a5 29.Bb5 Qd8 30.Bf2 Nd7
31.Nc4 Qc7 32.Rd3 d5 33.exd5 exd5 34.Qxe8+ Rxe8 35.Rxe8+ Kh7 36.Ne3 d4 37.Ng2 g5
38.Nxd4 Nf6 39.Re2 gxf4 40.Nxc6 Bxc6 41.Bxc6 Qxc6 42.Nxf4 Ne4 43.Nd5 Ng5  1/2-1/2

[Event "Wichern op 5th"]
[Site "Hamburg"]
[Date "1999.10.18"]
[Round "5"]
[White "Holzke, Frank"]
[Black "Miezis, Normunds"]
[Result "1-0"]
[WhiteElo "2448"]
[BlackElo "2524"]

1.e4 c5 2.Nf3 e6 3.d4 cxd4 4.Nxd4 a6 5.Bd3 Nc6 6.Nxc6 dxc6 7.Nd2 e5 8.Nc4 Nf6
9.O-O Qc7 10.a4 Bc5 11.Qf3 h5 12.Qg3 Ng4 13.h3 h4 14.Qf3 Nf6 15.Bg5 Nh5 16.Bxh4 f6
17.Bg3 g5 18.Ne3 Qh7 19.Bc4 Ke7 20.Rad1 Nf4 21.Rd2 Qh5 22.Qxh5 Nxh5 23.Bh2 Bxe3
24.fxe3 g4 25.hxg4 Bxg4 26.Be2 Bxe2 27.Rxe2 Rag8 28.Rd1 Rg4 29.Red2 Rxe4
30.Rd7+ Ke6 31.Rxb7 Rxa4 32.b3 Rh4 33.Rd2 Kf5 34.Rb6 Ng7 35.Rxc6 Ke4 36.Bg3 Rh1+
37.Kf2 Nh5 38.Rxa6 Rg8 39.Bh4 Kf5 40.Ra4 Rg4 41.Rxg4 Kxg4 42.g3 e4 43.c4 Rh2+
44.Ke1 Rh1+ 45.Ke2 Nxg3+ 46.Bxg3 Kxg3 47.Rc2 f5 48.c5 f4 49.exf4 Rh2+ 50.Kd1 Rh1+
51.Kd2 Kf3 52.Rc3+ Kxf4 53.c6 Rh2+ 54.Ke1 Rh1+ 55.Kf2 Rh2+ 56.Kg1 Rh8 57.c7 Rc8
58.b4 Ke5 59.Rc6 e3 60.Kf1 Kd4 61.Ke2 Kd5 62.b5  1-0

[Event "Wichern op 5th"]
[Site "Hamburg"]
[Date "1999.10.18"]
[Round "5"]
[White "Michailow, Sergej"]
[Black "Jakobsen, Ole"]
[Result "1/2-1/2"]
[WhiteElo "2065"]
[BlackElo "2398"]

1.e4 c5 2.Nf3 e6 3.d4 cxd4 4.Nxd4 a6 5.Bd3 Bc5 6.Nb3 Be7 7.O-O d6 8.f4 Nc6
9.Be3 Nf6 10.N1d2 b6 11.Nc4 Nd7 12.Qg4 g6 13.Nd4 Nxd4 14.Bxd4 e5 15.fxe5 dxe5
16.Qf3 f6 17.Be3 b5 18.Nd2 O-O 19.Nb3 Qc7 20.a4 bxa4 21.Rxa4 Nb6 22.Ra5 Bb4
23.Bc5 Bxc5+ 24.Rxc5 Qa7 25.Kh1 Bd7 26.Ra5 Qc7 27.Nc5 Bc8 28.b4 Qe7 29.h3 Kh8
30.Qf2 Nd7  1/2-1/2

[Event "Wichern op 5th"]
[Site "Hamburg"]
[Date "1999.10.20"]
[Round "7"]
[White "Stanke, Juergen"]
[Black "Groeppel, Peter"]
[Result "1-0"]
[WhiteElo "2323"]
[BlackElo "2157"]

1.e4 c5 2.Nf3 e6 3.d4 cxd4 4.Nxd4 a6 5.Bd3 Qb6 6.c3 Nc6 7.Nxc6 bxc6 8.e5 Ne7
9.Na3 Nd5 10.Nc4 Qc7 11.O-O a5 12.Re1 Ba6 13.Qf3 Bxc4 14.Bxc4 Be7 15.Qg3 g6
16.Bd3 f5 17.c4 Nb4 18.Bb1 c5 19.Qc3 Kf7 20.Be3 h5 21.f4 h4 22.h3 Rag8 23.a3 Nc6
24.Kh1 g5 25.fxg5 Bxg5 26.Bxc5 Bf4 27.Bd6 Qb7 28.Qf3 Qxb2 29.Ra2 Qd4 30.Re4 fxe4
31.Bxe4 Rf8 32.Bxf8  1-0

[Event "Wichern op 5th"]
[Site "Hamburg"]
[Date "1999.10.20"]
[Round "7"]
[White "Langrock, Hannes"]
[Black "Cladouras, Panagiotis"]
[Result "0-1"]
[WhiteElo "2135"]
[BlackElo "2335"]

1.e4 c5 2.d4 cxd4 3.Nf3 e6 4.Nxd4 a6 5.Bd3 g6 6.O-O Bg7 7.c3 Ne7 8.Nd2 d5
9.N4f3 Nbc6 10.Re1 Qc7 11.Qe2 dxe4 12.Nxe4 h6 13.Bc4 O-O 14.Rd1 Na5 15.Nd6 Nxc4
16.Qxc4 Qxc4 17.Nxc4 b5 18.Nb6 Rb8 19.Be3 Re8 20.a4 Bb7 21.axb5 axb5 22.Nd7 Ra8
23.Nfe5 Nd5 24.Bc5 Rec8 25.Ba3 g5 26.Nd3 Rc7 27.N7c5 Bc6 28.Nb3 Rca7 29.Bc5 Rxa1
30.Rxa1 Rxa1+ 31.Nxa1 e5 32.Bd6 f6 33.Nc2 Nf4 34.Nde1 Kf7 35.Nb4 Bb7 36.f3 Ke6
37.Bc5 f5 38.Nec2 h5 39.Na3 e4 40.Kf2 exf3 41.gxf3 Nh3+ 42.Kg3 f4+ 43.Kxh3 Bxf3
44.Bd4 Bf8 45.Nd3 g4+ 46.Kh4 Be7+ 47.Kxh5  0-1

[Event "Wch U14"]
[Site "Oropesa del Mar"]
[Date "1999.10.25"]
[Round "2"]
[White "Janturin, Artur"]
[Black "Moradiabadi, A."]
[Result "1/2-1/2"]
[WhiteElo "2286"]
[BlackElo "2094"]

1.e4 c5 2.Nf3 e6 3.d4 cxd4 4.Nxd4 a6 5.Bd3 Nf6 6.O-O d6 7.c4 Be7 8.b3 O-O
9.Bb2 b6 10.Nc3 Bb7 11.Rc1 Nbd7 12.Qe2 Rc8 13.Kh1 Qc7 14.f4 Rfd8 15.Bb1 Nf8
16.Rcd1 N6d7 17.Qe3 Bf6 18.Rf2 g6 19.Rfd2 Bg7 20.Re1 Nf6 21.Rdd1 Re8 22.Qd2 Rcd8
23.Nf3 e5 24.fxe5 dxe5 25.Nd5 Nxd5 26.exd5 Qd6 27.Qc3 f6 28.b4 Nd7 29.a3 Re7
30.Rc1  1/2-1/2

[Event "Wch U18"]
[Site "Oropesa del Mar"]
[Date "1999.10.27"]
[Round "4"]
[White "Bokros, Albert"]
[Black "Schenk, Andreas"]
[Result "1-0"]
[WhiteElo "2405"]
[BlackElo "2241"]

1.e4 c5 2.Nf3 e6 3.d4 cxd4 4.Nxd4 a6 5.Bd3 Bc5 6.Nb3 Ba7 7.Nc3 Nc6 8.Qe2 d6
9.Be3 Nf6 10.O-O b5 11.f4 b4 12.Nd1 e5 13.Bxa7 Rxa7 14.Ne3 O-O 15.Nd5 a5
16.f5 Bb7 17.Qf2 Ra8 18.Rad1 a4 19.Nd2 Rc8 20.Nxf6+ Qxf6 21.Nc4 Nd4 22.Nb6 Rc7
23.c3 bxc3 24.bxc3 d5 25.Nxd5 Bxd5 26.cxd4 Bc4 27.Qg3 Bxa2 28.dxe5 Qb6+ 29.Rf2 h6
30.Kh1 Bb3 31.Rdf1 a3 32.Rf3 Kh7 33.e6 f6 34.Bb5 Qxb5 35.Qxc7 a2 36.Qa7 Bc4
37.Rc1 Rd8 38.Rg3 Rg8 39.Rgc3 Bb3 40.h3 Rb8 41.Qf7 Qa6 42.Rc7 Rg8 43.Qxf6  1-0

[Event "Wch U16 Girls"]
[Site "Oropesa del Mar"]
[Date "1999.10.28"]
[Round "5"]
[White "Skrochocka, Justyna"]
[Black "Papp, Ju"]
[Result "0-1"]
[WhiteElo "2035"]
[BlackElo "2130"]

1.e4 c5 2.Nf3 e6 3.d4 cxd4 4.Nxd4 a6 5.Bd3 Qb6 6.Nb3 Qc7 7.c4 Nf6 8.Nc3 b6
9.O-O Bb7 10.Be3 Be7 11.f3 d6 12.a3 O-O 13.Qe1 Nbd7 14.Be2 Rac8 15.Qf2 Bd8
16.Rfc1 Qb8 17.Nd2 Bc7 18.g3 Kh8 19.b4 Rg8 20.f4 Qa8 21.Bf3 Bd8 22.Qg2 Ne8
23.Qh3 Bf6 24.Rab1 b5 25.e5 dxe5 26.Bxb7 Qxb7 27.c5 exf4 28.Bxf4 Bd4+ 29.Kf1 e5
30.Nde4 f6 31.Bd2 Bxc3 32.Nxc3 f5 33.Re1 Nef6 34.Rbd1 Ng4 35.Kg1 a5 36.Rf1 Rgf8
37.Bc1 Nb8 38.Nd5 Nc6 39.Qh5 Nd4 40.Nc3 Nf3+ 41.Rxf3 Qxf3 42.Bd2 Rcd8 43.Rf1 Qd3
44.Be1 axb4 45.axb4 Ra8  0-1

[Event "28th It"]
[Site "Lazarevac YUG"]
[Date "1999.11.02"]
[Round "3"]
[White "Perunovic,Mil"]
[Black "Solak,D"]
[Result "1-0"]
[WhiteElo "2319"]
[BlackElo "2457"]

1.e4 c5 2.Nf3 e6 3.d4 cxd4 4.Nxd4 a6 5.Bd3 Nc6 6.Nxc6 dxc6 7.Nd2 e5 8.Qh5 Bd6
9.Nc4 Bc7 10.Bg5 Nf6 11.Qe2 h6 12.Bh4 Be6 13.O-O-O Qe7 14.f4 Bxc4 15.Bxc4 b5
16.Bb3 O-O 17.Bxf6 Qxf6 18.Rd7 Qxf4+ 19.Kb1 Bb6 20.Rf1 Qxh2 21.Qg4 Kh8 22.Rd3 f5
23.exf5 e4 24.Rd7 Qe5 25.f6 g5 26.Bf7 Bf2 27.Rxf2 e3 28.Qh5  1-0

[Event "Wch U12"]
[Site "Oropesa del Mar"]
[Date "1999.11.02"]
[Round "9"]
[White "Stellwagen, Daniel R"]
[Black "Papp, Gabor"]
[Result "1/2-1/2"]
[WhiteElo "2254"]
[BlackElo "2248"]

1.e4 c5 2.Nf3 e6 3.d4 cxd4 4.Nxd4 a6 5.Bd3 Qb6 6.Nb3 Qc7 7.O-O Nf6 8.f4 d6
9.Nc3 b5 10.e5 b4 11.Ne4 Nxe4 12.Bxe4 d5 13.Bd3 Nd7 14.Kh1 g6 15.Bd2 Nb6
16.c3 Na4 17.cxb4 Nxb2 18.Qe2 Nxd3 19.Qxd3 Bd7 20.Rfc1 Qb8 21.Nc5 Bxc5 22.Rxc5 Bb5
23.Qf3 O-O 24.Bc3 Rc8 25.Bd4 Rxc5 26.Bxc5 a5 27.bxa5 Rxa5 28.Rb1  1/2-1/2

[Event "Chigorin mem"]
[Site "St Petersburg"]
[Date "1999.11.02"]
[Round "1"]
[White "Shaposhnikov, Evgeny"]
[Black "Terekhov, Andrey"]
[Result "1-0"]
[WhiteElo "2494"]
[BlackElo "2316"]

1.e4 c5 2.Nf3 e6 3.d4 cxd4 4.Nxd4 a6 5.Bd3 Nf6 6.O-O d6 7.c4 Be7 8.b3 b6
9.Bb2 Bb7 10.Nd2 Nc6 11.Nxc6 Bxc6 12.Qe2 O-O 13.f4 b5 14.Kh1 Qb8 15.Rae1 e5
16.Rc1 Nd7 17.cxb5 Bxb5 18.Nc4 exf4 19.Rxf4 Bg5 20.Rg4 f6 21.Rf1 Nc5 22.h4 h5
23.hxg5 hxg4 24.gxf6 Bd7 25.e5 d5 26.Nd6 Be6 27.Bf5 Bxf5 28.Nxf5 Qb4 29.Bd4 Ne6
30.Qxg4 Ra7 31.a3 Qb5 32.Rf3 Nxd4 33.Nxd4 Qb6 34.e6 Qd6 35.f7+  1-0

[Event "28th It"]
[Site "Lazarevac YUG"]
[Date "1999.11.03"]
[Round "4"]
[White "Perunovic,Mil"]
[Black "Rajkovic,Du"]
[Result "1/2-1/2"]
[WhiteElo "2319"]
[BlackElo "2474"]

1.e4 c5 2.Nf3 e6 3.d4 cxd4 4.Nxd4 a6 5.Bd3 d6 6.O-O Nd7 7.c4 Ngf6 8.Nc3 Be7
9.f4 O-O 10.Kh1 Re8 11.Qe2  1/2-1/2

[Event "ESP-chT Div 1"]
[Site "Cala Galdana"]
[Date "1999.11.08"]
[Round "1"]
[White "Hernandez, Gilberto"]
[Black "Spraggett, Kevin"]
[Result "1/2-1/2"]
[WhiteElo "2568"]
[BlackElo "2521"]

1.e4 c5 2.Nf3 e6 3.d4 cxd4 4.Nxd4 a6 5.Bd3 Nf6 6.O-O Qc7 7.Qe2 d6 8.c4 Be7
9.Nc3 O-O 10.f4 Nbd7 11.Kh1 b6 12.Bd2 Re8 13.Rae1 Bb7 14.Nf3 Nc5 15.Bb1 d5
16.cxd5 exd5 17.e5 Nfe4 18.Rc1 Qd7 19.Be3 a5 20.Rfd1 Nxc3 21.Rxc3 Rac8 22.Bd4 Rc6
23.Qe3 Rh6 24.Rcc1 Qg4 25.f5 Ne4 26.Rc7 Bg5 27.Qe1 Bf4 28.Rxb7 Bg3 29.e6 f6
30.Qg1 Bxh2 31.Qxh2 Ng3+ 32.Kg1 Ne2+ 33.Kf2 Rxh2 34.Nxh2 Qh4+ 35.Kxe2 Qxh2
36.Bf2 Qh5+ 37.Ke1 Qh1+ 38.Ke2 Qh5+ 39.Kd2 Qg5+ 40.Ke1 Qxg2 41.Bd3 g5 42.Bb1 Qh1+
43.Kd2 Qg2 44.Ke1 Qh1+ 45.Kd2 Qg2 46.Ke2 d4  1/2-1/2

[Event "World Seniors"]
[Site "Gladenbach GER"]
[Date "1999.11.08"]
[Round "1"]
[White "Klovans,J"]
[Black "Bakalarczyk,W"]
[Result "1-0"]
[WhiteElo "2465"]
[BlackElo "2010"]

1.e4 c5 2.Nf3 e6 3.d4 cxd4 4.Nxd4 a6 5.Bd3 Qc7 6.O-O Nc6 7.Nxc6 bxc6 8.c4 Ne7
9.c5 Ng6 10.Be3 Qa7 11.Qc2 Be7 12.Nd2 Rb8 13.Nc4 O-O 14.Nb6 Qc7 15.f4 d6
16.cxd6 Bxd6 17.Nxc8 Qxc8 18.Rac1 Rd8 19.b3 Ba3 20.Rcd1 Ne7 21.Ba7 Ra8 22.Bb6 Re8
23.Bc4 Qb7 24.Bd4 Rad8 25.Kh1 Rd7 26.Qe2 Ra8 27.Qg4 g6 28.Qg5 Rxd4 29.Rxd4 Bb2
30.Rd2 Bc3 31.Rd3 Bg7 32.f5 exf5 33.exf5 Nd5 34.fxg6 hxg6 35.Rxd5 cxd5 36.Bxd5  1-0

[Event "Chigorin mem"]
[Site "St Petersburg"]
[Date "1999.11.09"]
[Round "8"]
[White "Klimov, Sergey"]
[Black "Brodsky, Michail"]
[Result "1-0"]
[WhiteElo "2416"]
[BlackElo "2512"]

1.e4 c5 2.Nf3 e6 3.d4 cxd4 4.Nxd4 a6 5.Bd3 Qb6 6.Nb3 Qc7 7.O-O Nf6 8.f4 d6
9.Nc3 Nc6 10.Qf3 Be7 11.Be3 O-O 12.Rae1 Re8 13.Kh1 b6 14.a3 Nd7 15.Qg3 Bb7
16.f5 Bf6 17.Re2 Qd8 18.fxe6 fxe6 19.Qh3 Nde5 20.Ref2 Bh4 21.Re2 b5 22.Nd4 Nxd4
23.Bxd4 Bf6 24.Ref2 Qe7 25.Ne2 Rf8 26.Bc3 g6 27.Nd4 Rae8 28.Kg1 Bc8 29.Nc6 Qg7
30.Qg3 Bb7 31.Nxe5 Bxe5 32.Bxe5 dxe5 33.Rxf8+ Rxf8 34.Rxf8+ Kxf8 35.Qf2+ Kg8
36.Qc5 Qh6 37.Qxe5 Qe3+ 38.Kf1 Qb6 39.h4 Bc8 40.Qc3 Qd8 41.g3 Bb7 42.Qe5 Kf7
43.Ke2 Bc6 44.g4 h6 45.g5 hxg5 46.hxg5 Be8 47.c4 Qd7 48.Qf6+ Kg8 49.c5 Bf7
50.Qe5 Kf8 51.Qb8+ Ke7 52.e5 Be8 53.Qd6+ Qxd6 54.cxd6+ Kd7 55.Be4  1-0

[Event "World Seniors (women)"]
[Site "Gladenbach GER"]
[Date "1999.11.10"]
[Round "3"]
[White "Ankerst,Mil"]
[Black "Mosionzhik,B"]
[Result "1-0"]
[WhiteElo "2131"]
[BlackElo "2115"]

1.e4 c5 2.Nf3 e6 3.d4 cxd4 4.Nxd4 a6 5.Bd3 Qc7 6.O-O Nf6 7.Qe2 d6 8.Be3 Nc6
9.Nc3 Ne5 10.h3 b5 11.a4 b4 12.Nb1 Bb7 13.Nd2 Be7 14.f4 Ned7 15.N4b3 O-O
16.Bf2 Rfe8 17.Rfe1 e5 18.f5 d5 19.exd5 Nxd5 20.Ne4 Nf4 21.Qg4 Nf6 22.Nxf6+ Bxf6
23.Bf1 Qxc2 24.Nc5 Bc8 25.Qxf4 Bxf5 26.Qxb4 Rab8 27.Qc3 Rxb2 28.Qxc2 Rxc2
29.Rac1 Ra2 30.Bxa6 e4 31.Bb5 h5 32.Bxe8  1-0

[Event "28th It"]
[Site "Lazarevac YUG"]
[Date "1999.11.12"]
[Round "12"]
[White "Govedarica,R"]
[Black "Peev,P"]
[Result "1-0"]
[WhiteElo "2476"]
[BlackElo "2343"]

1.e4 c5 2.Nf3 e6 3.d4 cxd4 4.Nxd4 a6 5.Bd3 Ne7 6.O-O Nec6 7.Nb3 Be7 8.c4 d6
9.Nc3 O-O 10.Be3 Nd7 11.f4 b6 12.Rc1 Bb7 13.a3 Rc8 14.Nd2 Bf6 15.Kh1 Bd4
16.Qe1 Re8 17.Bxd4 Nxd4 18.Qg3 e5 19.f5 Nf6 20.h3 Bc6 21.a4 h6 22.Kh2 Nh5
23.Qe3 Qg5 24.Qxg5 hxg5 25.Rfd1 Kf8 26.b4 Ba8 27.a5 bxa5 28.bxa5 Nf6 29.Rb1 Bc6
30.Rb6 Nd7 31.c5 Nxc5 32.Bxa6 Nxa6 33.Rxa6 Bb7 34.Rb6 Rxc3 35.Rxb7 Ra8 36.Ra1 Rc2
37.Nf1 Rc6 38.Ne3 Rca6 39.Nc4 Rc8 40.Nb6 Rc2 41.Rb8+ Ke7 42.Nd5+ Kd7 43.Nb4 Nc6
44.Nxa6 Nxb8 45.Nxb8+ Kc8 46.Rb1  1-0

[Event "SLO-chT"]
[Site "Bled"]
[Date "1999.11.13"]
[Round "6"]
[White "Perus, Danilo"]
[Black "Tratar, Marko"]
[Result "0-1"]
[WhiteElo "2345"]
[BlackElo "2442"]

1.e4 c5 2.Nf3 e6 3.d4 cxd4 4.Nxd4 a6 5.Bd3 Qb6 6.Nb3 Nc6 7.O-O Nf6 8.Be3 Qc7
9.f4 d6 10.Qf3 Be7 11.Nc3 O-O 12.g4 b5 13.g5 Nd7 14.Qh5 g6 15.Qh6 Re8 16.f5 Nde5
17.fxg6 fxg6 18.Rf4 Bd7 19.Rh4 Nf3+ 20.Kg2 Nxh4+ 21.Qxh4 Rf8 22.Qg3 Ne5 23.Nd4 b4
24.Nd1 Nxd3 25.cxd3 e5 26.Rc1 Qb7 27.Nb3 Rac8 28.Na5 Rxc1 29.Bxc1 Qb5 30.Nc4 d5
31.Nd2 Qc6 32.Nb3 dxe4  0-1

[Event "V Open"]
[Site "Lisbon POR"]
[Date "1999.11.20"]
[Round "8"]
[White "Dominguez,L"]
[Black "Kovacevic,Sl"]
[Result "1/2-1/2"]
[WhiteElo "2506"]
[BlackElo "2404"]

1.e4 c5 2.Nf3 e6 3.d4 cxd4 4.Nxd4 a6 5.Bd3 Nf6 6.O-O d6 7.c4 Bd7 8.Nc3 Nc6
9.Nxc6 Bxc6 10.Qe2 Be7 11.b3 O-O 12.Bb2 Qa5 13.Rad1 Qh5 14.Qxh5 Nxh5 15.Ba3 Rfd8
16.Bc2 Nf4 17.g3 Ng6 18.Ne2 b5 19.Nd4 Be8 20.f4 bxc4 21.bxc4 Rdc8 22.Bd3 d5
23.Bxe7 dxc4 24.Bd6 cxd3 25.Rxd3 Nf8 26.Rb1 Nd7 27.Kg2 Nc5 28.Re3 Na4 29.a3 Nc3
30.Rb3 Nb5 31.Nxb5  1/2-1/2

[Event "7th Young Masters"]
[Site "Loures POR"]
[Date "1999.11.26"]
[Round "4"]
[White "Vitor,A"]
[Black "Galego,L"]
[Result "1/2-1/2"]
[WhiteElo "2310"]
[BlackElo "2427"]

1.e4 c5 2.Nf3 e6 3.d4 cxd4 4.Nxd4 a6 5.Bd3 Nc6 6.Be3 Nf6 7.O-O e5 8.Nxc6 dxc6
9.f3 Be6 10.Nd2 b5 11.a4 Be7 12.axb5 axb5 13.Rxa8 Qxa8 14.c4 b4 15.Nb3 O-O
16.Qc2 Nd7 17.Ra1 Qc8 18.Ra5 c5 19.Qb1 Rd8 20.Qc2 Qc7 21.Be2 h6 22.Qb1 Rc8
23.Kh1 Qd8 24.Qg1 Nb6 25.Qf1 Nd7 26.Qg1 Kh7 27.Qd1 Qc7 28.Qa1 Qd6 29.Ra6 Rc6
30.Rxc6 Qxc6 31.Qa5 g6 32.Qa1 Nb6 33.Qa6 Qa4 34.Qxa4 Nxa4 35.Kg1 Nxb2 36.Bxc5 Bxc5+
37.Nxc5 Bxc4 38.Bxc4 Nxc4 39.Kf2 f5 40.Ke2 f4 41.Kd3 Ne3 42.g3 g5 43.gxf4 exf4
44.h3 Kg6 45.Nd7 h5 46.Ne5+ Kf6 47.Nc6 b3 48.e5+ Kg6 49.Kc3 g4 50.hxg4 hxg4
51.Nd4 g3 52.Kxb3 Ng2 53.Kc4 Nh4 54.Kd5 g2 55.Ne2 Nxf3 56.Nxf4+  1/2-1/2

[Event "Eu Team Ch"]
[Site "Batumi GEO"]
[Date "1999.11.30"]
[Round "2"]
[White "Kashashvili,A"]
[Black "Miezis,N"]
[Result "0-1"]
[WhiteElo "2416"]
[BlackElo "2524"]

1.e4 c5 2.Nf3 e6 3.d4 cxd4 4.Nxd4 a6 5.Bd3 Nc6 6.Nxc6 dxc6 7.O-O e5 8.Nd2 Nf6
9.Qf3 Qc7 10.Qg3 Nh5 11.Qf3 g6 12.a4 Bg7 13.Nc4 O-O 14.Be3 Qe7 15.Nb6 Rb8
16.Nxc8 Rbxc8 17.a5 Nf4 18.Bc4 Kh8 19.c3 f5 20.exf5 Rxf5 21.Qe4 Qh4 22.f3 Rcf8
23.Bf2 Qg5 24.Bg3 h5 25.Bxf4 exf4 26.Bd3 Kh7 27.Rfe1 Rd8 28.Red1 Kh6 29.Qb4 Rfd5
30.Be2 Rd2 31.Rxd2 Rxd2 32.Bf1 Qe5 33.h3 Rd7 34.Qc4 Bf8 35.Qe4 Qxe4 36.fxe4 Rd2
37.Rb1 Kg5 38.b4  0-1

[Event "Eu Team Ch"]
[Site "Batumi GEO"]
[Date "1999.12.05"]
[Round "6"]
[White "Gallagher,Jo"]
[Black "Ionescu,Co"]
[Result "1-0"]
[WhiteElo "2521"]
[BlackElo "2434"]

1.e4 c5 2.Nf3 e6 3.d4 cxd4 4.Nxd4 a6 5.Bd3 Nf6 6.O-O Qc7 7.Qe2 h5 8.h3 d6
9.c4 Nbd7 10.Nc3 Be7 11.Bg5 Ne5 12.Rac1 Bd7 13.Nf3 Rc8 14.Nxe5 dxe5 15.a3 a5
16.Nb5 Qb6 17.Bd2 O-O 18.Bc3 Bxb5 19.cxb5 Bd6 20.Kh1 g6 21.Qd2 a4 22.f4 Nd7
23.f5 Kg7 24.Be2 Nf6 25.Bd3 Qd8 26.Rcd1 Bb8 27.Qe3 Rxc3 28.bxc3 exf5 29.Be2 Qe7
30.exf5 e4 31.fxg6 Qe5 32.g3 fxg6 33.Bc4 h4 34.Rxf6 Kxf6 35.Qh6 Qc7  1-0

[Event "ch-COL"]
[Site "Fusagasuga COL"]
[Date "1999.12.14"]
[Round "3"]
[White "Zapata,A"]
[Black "Corradine,J"]
[Result "1-0"]
[WhiteElo "2454"]
[BlackElo "2154"]

1.e4 c5 2.Nf3 e6 3.d4 cxd4 4.Nxd4 a6 5.Bd3 Nf6 6.O-O d6 7.c4 Nbd7 8.Nc3 b6
9.b3 Bb7 10.Bb2 Be7 11.Rc1 O-O 12.Bb1 Rc8 13.Qf3 Rc5 14.Qe2 Qa8 15.Rfe1 Re8
16.a3 Bf8 17.b4 Rcc8 18.Ba2 g6 19.Rcd1 Qb8 20.Nf3 Rcd8 21.Bb3 Qc7 22.h3 Nh5
23.Qe3 Ba8 24.Nb1 Bg7 25.Bxg7 Nxg7 26.Qg5 f6 27.Qe3 Re7 28.Nd4 Kh8 29.Nd2 g5
30.h4 gxh4 31.Qh6 e5 32.N4f3 Ne6 33.Nxh4 Rg7 34.c5 Nf4 35.cxd6 Qc3 36.Re3 Qb2
37.Nc4 Qxb3 38.Rxb3 Bxe4 39.Ne3 Rdg8 40.g3 Rg5 41.Kf1 Rh5 42.Qxh5 Nxh5 43.Rc3 Ng7
44.Rc7 Rd8 45.Rdc1 Bd3+ 46.Ke1 Ne6 47.Rc8 Rxc8 48.Rxc8+ Nef8 49.a4 Kg8 50.Kd2 e4
51.Re8 a5 52.bxa5 bxa5 53.Nhf5  1-0

[Event "ch-RUS KO"]
[Site "Moscow RUS"]
[Date "1999.12.15"]
[Round "1.1"]
[White "Ovetchkin,R"]
[Black "Kobalija,M"]
[Result "0-1"]
[WhiteElo "2505"]
[BlackElo "2573"]

1.e4 c5 2.Nf3 e6 3.d4 cxd4 4.Nxd4 a6 5.Bd3 Bc5 6.c3 d6 7.O-O Ne7 8.Kh1 O-O
9.f4 Nd7 10.Nf3 e5 11.Bc2 Qc7 12.fxe5 Nxe5 13.Nxe5 dxe5 14.Nd2 Be6 15.Bb3 Bxb3
16.Qxb3 Qc6 17.Nf3 Ng6 18.Ng5 Qc7 19.Qc4 Rac8 20.Bd2 Qe7 21.Nxf7 Rxf7 22.b4 Nf4
23.bxc5 Qxc5 24.Qb3 Qc4 25.Rae1 Rcc7 26.g3 Qxb3 27.axb3 Nd3 28.Rxf7 Rxf7
29.Re2 Rf2 30.Rxf2 Nxf2+ 31.Kg2 Nxe4 32.Be1 Nc5 33.Kf3 Kf7 34.b4 Nd3 35.Bd2 Ke6
36.c4 Nb2 37.c5 Kd5 38.Bc3 Nd3 39.Ke3 Kc4 40.Ba1 Nxb4 41.Bxe5 g6 42.Bh8 Nd3
43.g4 a5  0-1

[Event "ch-RUS KO"]
[Site "Moscow RUS"]
[Date "1999.12.17"]
[Round "2.1"]
[White "Lastin,A"]
[Black "Shaposhnikov,E"]
[Result "1-0"]
[WhiteElo "2552"]
[BlackElo "2494"]

1.e4 c5 2.Nf3 e6 3.d4 cxd4 4.Nxd4 a6 5.Bd3 Nf6 6.O-O Qc7 7.Qe2 d6 8.c4 g6
9.Nc3 Bg7 10.Rd1 O-O 11.Nf3 Nbd7 12.Bf4 Ng4 13.Rac1 b6 14.Qd2 Nde5 15.Be2 Rd8
16.Bg5 Rd7 17.Nd4 h6 18.Bh4 g5 19.Bg3 Bb7 20.h4 gxh4 21.Bxh4 Kh7 22.Nd5 exd5
23.cxd5 Qb8 24.f4 Qg8 25.Nf5 Re8 26.fxe5 Nxe5 27.Rc3 Qf8 28.Rf1 Ng6 29.Nxg7 Qxg7
30.Bf6 Qf8 31.Rh3 Rxe4 32.Rf5 Re5 33.Bxe5 dxe5 34.Rfh5 Rxd5 35.Rxh6+ Kg8
36.Qg5 Qg7 37.Bc4 Rd6 38.Bxf7+  1-0

[Event "5th Gudmundur Arason"]
[Site "Hafnarfjordur ISL"]
[Date "1999.12.19"]
[Round "8"]
[White "Olafsson,Thorv"]
[Black "Bosboom,M"]
[Result "0-1"]
[WhiteElo "2059"]
[BlackElo "2476"]

1.e4 c5 2.Nf3 e6 3.d4 cxd4 4.Nxd4 a6 5.Bd3 Nf6 6.O-O Qc7 7.c4 d6 8.Nc3 g6
9.Be3 Bg7 10.Rc1 O-O 11.f3 Nbd7 12.Qd2 b6 13.b3 Bb7 14.Rfd1 Rfe8 15.Bb1 Rad8
16.Ndb5 axb5 17.Nxb5 Qb8 18.Nxd6 Rf8 19.Nxb7 Qxb7 20.e5 Nxe5 21.Qxd8 Rxd8
22.Rxd8+ Bf8 23.Bh6 Ned7 24.Rd1 Qc7 25.Ra8 Nb8 26.Bg5 Bg7 27.Bxf6 Bxf6 28.Be4 Kg7
29.Ra4 Nd7 30.Ra8 Be7 31.Re8 Nf6  0-1

[Event "Young Masters"]
[Site "Groningen NED"]
[Date "1999.12.26"]
[Round "7"]
[White "Van der Weide,K"]
[Black "Epishin,V"]
[Result "1-0"]
[WhiteElo "2434"]
[BlackElo "2657"]

1.e4 c5 2.Nf3 e6 3.d4 cxd4 4.Nxd4 a6 5.Bd3 Bd6 6.O-O Ne7 7.Kh1 Be5 8.Be3 Nbc6
9.Nxc6 Nxc6 10.Nc3 g5 11.Qh5 h6 12.f4 gxf4 13.Bxf4 d6 14.Nd5 exd5 15.exd5 Bxf4
16.dxc6 Qg5 17.Qf3 O-O 18.cxb7 Bxb7 19.Qxb7 Be5 20.Rf5 Qh4 21.g3 Qd4 22.Raf1 Ra7
23.Qf3 Qxb2 24.Qe3 Rc7 25.Qxh6 Qb7+ 26.R1f3 f6 27.Kg2 Rff7 28.Rh5 Rg7 29.Bg6 Kf8
30.Rxe5  1-0

[Event "Open"]
[Site "Groningen NED"]
[Date "1999.12.27"]
[Round "8"]
[White "De Vreugt,D"]
[Black "Paragua,M"]
[Result "0-1"]
[WhiteElo "2398"]
[BlackElo "2268"]

1.e4 c5 2.Nf3 e6 3.d4 cxd4 4.Nxd4 a6 5.Bd3 Nf6 6.O-O Qc7 7.Qe2 h5 8.Nd2 Bd6
9.h3 Nc6 10.Nxc6 dxc6 11.a4 Bf4 12.Nc4 Bxc1 13.Rfxc1 e5 14.Qe3 h4 15.Qg5 Rh5
16.Qe3 Be6 17.Nb6 Rd8 18.Bc4 Bxc4 19.Nxc4 Rd4 20.b3 Rxe4 21.Qc5 Rd4 22.Re1 Rd5
23.Qb4 Qe7 24.Qc3 Kf8 25.Re2 Qc5 26.a5 Rd4 27.Rae1 e4 28.Qe3 Rf5 29.f3 Nd5
30.Qf2 Nc3 31.Re3 Rd1 32.Kh2 g5 33.Qg1 Rxe1 34.Qxe1 Nd5 35.Rxe4 Nf6 36.b4 Qd5
37.Ne3 Qd6+ 38.Kg1 Rb5 39.Rc4 Re5 40.Qc3 Qe6 41.Ng4 Re1+ 42.Kh2 Qd6+ 43.f4 Nxg4+
44.hxg4 Qd1  0-1